000 02094cam a2200469 4500
003 PE-LiUPU
005 20250731173154.0
008 240402b |||||||| |||| 00| 0 spa d
020 _a082801356X
040 _bspa
_cPE-LiUPU
_dPE-LiUPU
_erda
050 _aBX6193
_b.K55E
082 0 4 _a286.732092
_bK69e
_223
100 1 _aKnight, George Raymond
_eautor.
245 1 0 _aEllen White's world:
_ba fascinating look at the times in which she lived /
_cGeorge R. Knight.
264 1 _aHagerstown, MD :
_bReview and Herald Publishing Association,
_c1998
300 _a144 páginas :
_bilustraciones gráfs. diagrs. ;
_c20 centímetros.
336 _atext
_2rdacontent
337 _aunmediated
_2rdamedia
338 _avolume
_2rdacarrier
505 0 _aA world to the reader -- Ellen White's world before the civil war -- Millennial visions -- The great revival -- The era of reform -- Religious impulses -- Technological advances -- Ellen White's world after the civil war -- A changing world -- Millennial visions -- Religious impulses -- Social issues -- The new leisure.
526 _aSEG42
526 _aSEG41
526 _aSEG40
526 _aSEG39
526 _aP94
526 _aP87
526 _aP86
526 _aP85
526 _aP77
526 _aP76
526 _aP35
600 _aWhite, Elena G. de
_d1827-1915
650 1 4 _aIASD
_zEstados Unidos
_xHistoria
_ySiglo IXX
910 _aaj
942 _2ddc
_cBK
949 _a286.7 K65E
_wDEWEY
_c1
_i57989
_lCIA
_mBWL
_p12.00
_r1
_sY
_tBOOK
_u2015-6-24
_xWHITE
_zUNKNOWN
_0COMPRA
_o.STAFF. Colección General
949 _a286.7 K65E
_wDEWEY
_c4
_i53588
_f2017-2-15
_g1
_lCIAE7
_mBUL
_p9.00
_r0
_sY
_tBOOK
_u2015-6-24
_xTEOLOGIA
_0COMPRA
_o.STAFF. Colección General
949 _a286.732 K65E
_wDEWEY
_c2
_i48855
_f2017-2-15
_g1
_lCIAE7
_mBUL
_r0
_sY
_tBOOK
_u2015-6-24
_xTEOLOGIA
_0COMPRA
_o.STAFF. Colección General
949 _a286.732 K65E
_wDEWEY
_c3
_i50684
_f2017-2-15
_g1
_lCIAE7
_mBUL
_r0
_sY
_tBOOK
_u2015-6-24
_xTEOLOGIA
_0COMPRA
_o.STAFF. Colección General
980 _81
_gALBERTO SANCHEZ Responsable de Automatización
999 _c35619
_d35619